| 000 | 00553nam a22001937a 4500 | ||
|---|---|---|---|
| 003 | SISC | ||
| 005 | 20160217143543.0 | ||
| 008 | 131001t xxu||||| |||| 00| 0 eng d | ||
| 020 | _a1869860144 | ||
| 050 |
_aQD 466 _b.K56Cm 1996 |
||
| 082 |
_aHS 546.3 _b.K727 1996 |
||
| 100 |
_aKnapp, Brian _922260 |
||
| 245 |
_aCalcium and Magnesium _cKnapp, Brian |
||
| 260 |
_aHenley-on-Thames, Oxon : _bAtlantic Europe Publishing Company, _cc1996. |
||
| 300 |
_a56 p. : _bcol. ill. ; _c25.5 cm. |
||
| 440 |
_aElements _922261 |
||
| 942 |
_2lcc _cBK |
||
| 999 |
_c12451 _d12451 |
||